| 000 | 00826nam a2200241Ia 4500 | ||
|---|---|---|---|
| 003 | OSt | ||
| 005 | 20220209114641.0 | ||
| 008 | 210716s2002 xx 000 0 und d | ||
| 020 | _a0324100779 | ||
| 040 | _cAIMIT LIBRARY | ||
| 041 | _aeng | ||
| 082 |
_a658.4 _21 _bNELD |
||
| 100 |
_aNelson, Debra L. _918375 |
||
| 245 |
_aUnderstanding organizational behavior : _bmultimedia approach / _cBy Debra L Nelson and James Campbell Quick. |
||
| 250 | _a1st ed. | ||
| 260 |
_aUSA : _bSouth Western Thomson learning ; _c2002. |
||
| 300 |
_axxiii, 543p ;I-15 ; _c25cm. |
||
| 650 |
_aIndividual processes and behavior _918376 |
||
| 650 |
_aInterpersonal processess and behavior _918377 |
||
| 650 |
_aOrganizational processes and structure _918378 |
||
| 700 |
_aQuick, James, Campbell. _918379 |
||
| 942 |
_2ddc _cBK _e1st _k658.4 NELD |
||
| 999 |
_c198182 _d198182 |
||